| 000 | 00794cam a2200265 a 4500 | ||
|---|---|---|---|
| 999 |
_c8803 _d8803 |
||
| 001 | 8803 | ||
| 003 | BD-JhCC | ||
| 005 | 20180709115926.0 | ||
| 008 | 031208s2005 njua 001 0 eng | ||
| 035 | _a(BD-JhCC)8803 | ||
| 040 |
_aDLC _cDLC _dYDX _dUKM _dTKR _dUN@ _dBAKER _dBTCTA _dYDXCP _dOCLCG _dMEAUC _dDEBBG _dDLC _dBD-JhCC |
||
| 041 | _aeng | ||
| 050 | 0 | 0 |
_aQD33.2 _b.H55 2005 |
| 082 | 0 | 0 |
_a540 _222 _bSEL 1950 |
| 084 |
_aCHE 001f _2stub |
||
| 100 | _aSelwood, P. W. | ||
| 245 | 0 | 0 |
_aGeneral chemistry / _cP. W. Selwood |
| 250 | _a3rd ed. | ||
| 260 |
_aNew York : _bHolt, Rinehart and Winston, Inc. _c1950. |
||
| 300 |
_axxvii, 1073, [90] p. : _bchiefly col. ill. ; _c29 cm. + _e1 CD-ROM (4 3/4 in.) |
||
| 500 | _aIncludes index. | ||
| 650 | 0 | _aChemistry. | |
| 942 |
_2ddc _cBK |
||